000 01557nam a22002657a 4500
003 OSt
005 20240214205726.0
008 231027b |||||||| |||| 00| 0 eng d
020 _a9789584289629
037 _3Donación
040 _aCO-JMCR
_cCO-JMCR
_dCO-JMCR
_erda
041 _aspa
082 _aA-N
_bCHRl
100 _aChristie, Agatha
_eautor
_942190
245 _aLa muerte visita al dentista /
_cAgatha christie; traducido por C. Peraire del Molino
246 _aone, two, buckle my shoe
260 _aBogotá:
_bEditorial Nomos,
_c2020
300 _a151 páginas
_c19 cm.
520 _aHércules Poirot en una de sus actuaciones más brillantes. Hércules Poirot nunca habría pensado tener que visitar al dentista dos veces en un día. El motivo de la segunda visita fue, no obstante, bien distinto al de la primera. El famoso detective acude esta vez para examinar el escenario de un aparente suicido, el del dentista, cuyo cuerpo ha sido hallado en la consulta. ¿Por qué decidiría un dentista de éxito acabar con su vida en plena jornada? ¿Cuál es la relación de uno de los pacientes del doctor con su muerte? Le corresponde a Poirot llegar al fondo de la cuestión. «Una trama ágil de suspense ininterrumpido que concluye con un final absolutamente sorprendente.» New York Times (1941)
650 _2JMCR
_aNovela Policiaca
_9214
650 _2JMCR
_aInvestigación y crimenes
_vNovelas
_943396
650 _2JMCR
_aMisterio
_vNovelas
_943397
700 _aPeraire del molino, C.
_eautor
_943398
942 _2ddc
_cBK
999 _c30311
_d16695